000 01517nam a22003497a 4500
005 20260428125807.0
008 260428b2026 ag ||||| |||| 00| 0 spa d
020 _aTI Parte Resolutiva - Audiencia in Voce fecha 17/4/26
_bIV
110 _aTribunal de Impugnación
_91
245 _a"LUIS, JUAN MANUEL - PONCE, FEDERICO AUGUSTO- BASILOTA, HÉCTOR EMILIO S/ENVENENAMIENTO, ADULTERACIÓN O CONTAMINACIÓN DEL SUELO, AGUA, ATMÓSFERA O AMBIENTE EN GENERAL, EN CONCURSO IDEAL CON ADMINISTRACIÓN FRAUDULENTA" /
_cTribunal de Impugnación
300 _a00:51:51
518 _a17/4/26
653 _aIMPUGNABILIDAD DE LA CONCESIÓN DE LA SUSPENSIÓN DE JUICIO A PRUEBA
653 _aDICTAMEN FISCAL VINCULANTE
653 _aCONTAMINACIÓN AMBIENTAL
653 _aDERECHO A UN MEDIO AMBIENTE SANO
653 _aART. 41 CN
653 _aLEY 27566 - ACUERDO DE ESCAZÚ
653 _aTUTELA JUDICIAL AMBIENTAL
653 _aINTERÉS PÚBLICO PREVALENTE
653 _aINTERÉS DIFUSO Y TRANSGENERACIONAL
653 _aREVOCACIÓN
653 _aDENEGATORIA DE LA SUSPENSIÓN DE JUICIO A PRUEBA
653 _aCOMPETENCIA POSITIVA
653 _aREENVÍO
700 _aJuan Jose Nazareno Eulogio
_942
700 _aMartini, Florencia María
_911
700 _aTrincheri, Walter Richard
_98
_e(EN DISIDENCIA)
774 _aLEG. 178123/20
856 _uhttps://drive.google.com/file/d/11XnC--5HyprYZzATDnHvb-HiYxyuDLcZ/view?usp=sharing
_yParte Resolutiva - Audiencia in Voce fecha 17/4/26
942 _2ddc
_cIV
999 _c1277
_d1277